O castelo do lorde avarento (Registo nº 923)

Detalhes MARC
000 -Etiqueta do registo
Cabeçalho 01017nam a2200349 4500
005 - Identificador da versão
Campo de controlo 20240813121819.0
010 ## - Número internacional normalizado dos livros (ISBN)
Número (ISBN) 9789722336208
021 ## - Número do Depósito Legal
Código do país PT
Número 269902/08
035 ## - Other System Control Numbers
System Control Number 0000987
System Control Number 0000970
100 ## - Dados gerais de processamento
Dados gerais de processamento 20091104d2008 de y0pory5003 ba
102 ## - Pais de publicação ou produção
País de publicação Portugal
101 1# - Língua de publicação
Língua do texto, banda sonora, etc. Português
Língua do sumário Italiano
106 ## - Campo de dados codificados: material textual
Dados codificados do material textual r
105 ## - Campo de dados codificados: livros
Dados codificados dos livros a z 000fy
215 ## - Descrição física 
Indicação específica da natureza do documento e extensão da espécie 117, [9] p.
Outras indicações físicas il.
Dimensões 19 cm
200 1# - Titulo e menção de responsabilidade
Título próprio O castelo do lorde avarento
Primeira menção de responsabilidade Geronimo Stilton
Outras menções de responsabilidade il. Roberto Ronchi
-- trad. Carlos Grifo Babo
225 2# - Colecção 
Título próprio da colecção Geronimo Stilton
Indicação de volume 9
205 ## - Menção da edição
Menção da edição 2a ed
210 ## - Publicação, Distribuição, etc. 
Lugar da edição, distribuição, etc. Barcarena
Nome do editor, distribuidor, etc. Presença
Data da publicação, distribuição, etc. 2008
304 ## - Notas relativas a título e menção de responsabilidade 
Texto da nota Tít. orig.: Benvenuti a rocca taccagna
675 ## - Classificação Decimal Universal (CDU)
Notação 087.5
Edição BN
Língua da edição por
Notação 821.131.1-93"20"
Edição BN
Língua da edição por
Notação 821.131.1-34"20"
Edição BN
Língua da edição por
702 #1 - Nome de autor-pessoa física (responsabilidade secundária)
Número de registo de entrada de autoridade 0001211
Palavra de ordem Ronchi
Outra parte do nome não tomada para palavra de ordem Roberto
Número de registo de entrada de autoridade 0001204
Palavra de ordem Babo
Outra parte do nome não tomada para palavra de ordem Carlos Grifo
Datas 1919-
Código de função Tradutor
700 #1 - Nome de autor-pessoa física (responsabilidade principal)
Número de registo de entrada de autoridade 0001210
Palavra de ordem Stilton
Outra parte do nome não tomada para palavra de ordem Geronimo
Elementos de identificação ou distinção pseud.
942 ## - Elementos de entrada adicionados (Koha)
Tipo de item no Koha Livro
Exemplares
Situação do levantamento Origin of item (home branch) (coded) Biblioteca de empréstimo Código de barras Cota Circulation type (not for loan) Tipo de documento Nota do exemplar Damaged status
  Biblioteca Escolar Eng. Nuno Mergulhão Biblioteca Escolar Eng. Nuno Mergulhão BENM1664 8EST STI   Livro Sem mensagem